00228nam a2200097Ia 4500008004100000082001600041100001500057245001800072260003200090300000800122150731s2010 xx 000 0 und d a611bH 10 P aPRIVES, M. aHUMAN ANATOMY bPARAGON- MOSCON DELHIc2010 a610